Airlines at Chicago O'hare Airport (2025) - Statistics

General Stats
  • This quiz has been taken 234 times
  • The average score is 30 of 47
Answer Stats
Answer % Correct
American Airlines
98%
Delta Air Lines
94%
United Airlines
93%
British Airways
92%
Emirates
89%
Air Canada
87%
Air France
87%
AeroMexico
83%
Lufthansa
83%
Spirit Airlines
82%
Aer Lingus
79%
Iberia Airlines
79%
KLM
79%
Southwest Airlines
79%
Japan Airlines
78%
Frontier Airlines
75%
JetBlue
75%
Turkish Airlines
75%
Etihad Airways
74%
Scandinavian Airlines
74%
All Nippon
73%
Air India
72%
Qatar Airways
72%
LOT Polish Airlines
71%
ITA Airways
69%
Korean Air
67%
TAP Air Portugal
67%
Westjet
67%
SWISS
64%
Finnair
60%
Austrian Airways
58%
Avianca Airlines
58%
Cathay Pacific Airways
52%
Icelandair
52%
Alaska Airlines
50%
Copa Airlines
48%
EVA Air
48%
Volaris
48%
Ethiopian Airlines
45%
Air New Zealand
44%
Royal Jordanian
44%
Sun Country
40%
Air Serbia
36%
VivaAerobus
36%
Denver Air Connection
20%
Contour Airlines
17%
Cape Air
16%
No matching quizzes found
Score Distribution
Percent of People with Each Score
Percentile by Number Answered
Your Score History
You have not taken this quiz